Entry Nombre personal
001 - NÚMERO DE CONTROL
- campo de control: 150498
003 - IDENTIFICADOR DE NÚMERO DE CONTROL
- campo de control: SpMaBN
005 - FECHA Y HORA DE LA ÚLTIMA TRANSACCIÓN
- campo de control: 20250702170745.0
008 - ELEMENTOS DE DATO DE LONGITUD-FIJA
- campo de control de longitud fija: 900514nn aijnnaabn a aaa
016 ## - NÚMERO DE CONTROL DE UNA AGENCIA BIBLIOGRÁFICA NACIONAL
- Número de control del registro: BNE19922169165
024 7# - IDENTIFICADOR DE OTROS ESTÁNDARES
- Número estándar o código: http://viaf.org/viaf/43183189/
- Fuente: viaf
024 7# - IDENTIFICADOR DE OTROS ESTÁNDARES
- Número estándar o código: https://isni.org/isni/0000000083772540
- Fuente: isni
024 7# - IDENTIFICADOR DE OTROS ESTÁNDARES
- Número estándar o código: http://www.wikidata.org/entity/Q5860451
- Fuente: wikidata
040 ## - FUENTE DE CATALOGACIÓN
- Centro catalogador/agencia de origen: SpMaBN
- Lengua de catalogación: spa
- Centro/agencia transcriptor: SpMaBN
- Normas de descripción: rdc
- Convención/Normas de encabezamiento de materia/tesauro: embne
046 ## - FECHAS CON CODIFICACIÓN ESPECIAL
- Fecha de nacimiento: 1896
- Fecha de la muerte: 1967
100 1# - ENCABEZAMIENTO-NOMBRE DE PERSONA
- Nombre de persona: Castro, Fernando de,
- Fechas asociadas al nombre: 1896-1967
370 ## - LUGAR ASOCIADO
- Lugar de nacimiento: Madrid
- Número de control del registro de autoridad o número normalizado: XX450543
- Fuente de información: Wikidata
373 ## - GRUPO ASOCIADO
- Grupo asociado: Real Academia Nacional de Medicina
- Grupo asociado: Real Academia de Ciencias Exactas, Físicas y Naturales
- Fuente de información: Wikidata
374 ## - OCUPACIÓN
- Ocupación: Médicos
- Fuente de información: Wikidata
375 ## - GÉNERO/SEXO
- Género: Masculino
- Fuente de información: Wikidata
400 1# - TRAZADO DE VÉASE--NOMBRE DE PERSONA
- Nombre de persona: Castro Rodríguez, Fernando de,
- Fechas asociadas al nombre: 1896-1967
670 ## - FUENTE DE DATOS ENCONTRADOS
- Cita de la fuente: Cajal y la escuela neurológica española, 1981
- Información encontrada: port. (Fernando de Castro) p. 133 (n. Madrid, 25-2-1896) p. 159 (m. 1967)
670 ## - FUENTE DE DATOS ENCONTRADOS
- Cita de la fuente: Espasa
- Información encontrada: (Castro Rodríguez, Fernando de; histólogo español, discípulo de Cajal; 1896-1967)
